In search of excellence : Lessons from America's best-run companies

Wedi'i Gadw mewn:
Manylion Llyfryddiaeth
Prif Awdur: Peters, Thomas J.
Fformat: Llyfr
Iaith:Undetermined
Cyhoeddwyd: New York Harper & Row 1982
Pynciau:
Tagiau: Ychwanegu Tag
Dim Tagiau, Byddwch y cyntaf i dagio'r cofnod hwn!
Thư viện lưu trữ: Trung tâm Học liệu Trường Đại học Cần Thơ
LEADER 00583nam a2200205Ia 4500
001 CTU_88576
008 210402s9999 xx 000 0 und d
082 |a 658 
082 |b P482 
100 |a Peters, Thomas J. 
245 0 |a In search of excellence : 
245 0 |b Lessons from America's best-run companies 
245 0 |c Thomas J. Peters, Robert H. Waterman 
260 |a New York 
260 |b Harper & Row 
260 |c 1982 
650 |a Industrial management 
650 |z United states 
904 |i Giang,Hải 
980 |a Trung tâm Học liệu Trường Đại học Cần Thơ